[Event "Arco op 45th"]
[Site "Arco"]
[Date "2023.10.15"]
[Round "9"]
[White "Pleyer, Christian"]
[Black "Hansen, Tommy"]
[Result "1/2-1/2"]
[WhiteElo "1895"]
[BlackElo "1798"]
[PlyCount "85"]
[EventDate "2023.10.07"]
[EventType "swiss"]
[EventRounds "9"]
[EventCountry "ITA"]
[SourceTitle "Mega2024 Update 01"]
[Source "Chessbase"]
[SourceDate "2023.11.12"]
[SourceVersion "1"]
[SourceVersionDate "2023.11.12"]
[SourceQuality "1"]

1. d4 e6 2. e4 d5 3. exd5 exd5 4. Bd3 Bd6 5. Nf3 Bg4 6. h3 Bh5 7. Nc3 c6 8. Be3 Ne7 9. g4 Bg6 10. Qd2 Bxd3 11. Qxd3 Nd7 12. 0-0-0 Qa5 13. Kb1 f6 14. Nd2 0-0-0 15. Ne2 b5 16. Bf4 Qc7 17. Qg3 Nb6 18. Rhe1 Ng6 19. Bxd6 Qxd6 20. Qxd6 Rxd6 21. Ng3 Nf4 22. h4 g6 23. h5 Re6 24. Rxe6 Nxe6 25. Nb3 Kd7 26. Rh1 Re8 27. a3 a5 28. hxg6 hxg6 29. Rh6 Rg8 30. c3 a4 31. Rh7+ Rg7 32. Nc5+ Kd6 33. Rxg7 Nxg7 34. f4 Nc4 35. Nd3 Ne3 36. Nf2 Ne6 37. Ne2 Ng2 38. Nd3 Ne3 39. Nf2 Ng2 40. Nd3 Ne3 41. Nf2 Nc4 42. Kc2 Ne3+ 43. Kb1 1/2-1/2

[Event "Arco op 45th"]
[Site "Arco"]
[Date "2023.10.12"]
[Round "6"]
[White "Hansen, Tommy"]
[Black "Schoch, Heinz1"]
[Result "1-0"]
[WhiteElo "1798"]
[BlackElo "1612"]
[PlyCount "57"]
[EventDate "2023.10.07"]
[EventType "swiss"]
[EventRounds "9"]
[EventCountry "ITA"]
[SourceTitle "Mega2024 Update 01"]
[Source "Chessbase"]
[SourceDate "2023.11.12"]
[SourceVersion "1"]
[SourceVersionDate "2023.11.12"]
[SourceQuality "1"]

1. e4 c6 2. d4 d5 3. exd5 cxd5 4. c4 Nf6 5. Nc3 Nc6 6. Nf3 Bg4 7. cxd5 Nxd5 8. Qb3 Bxf3 9. gxf3 Nb6 10. d5 Nd4 11. Bb5+ Nxb5 12. Nxb5 a6 13. Nc3 Qc7 14. Be3 Nd7 15. Rc1 Rb8 16. 0-0 Nc5 17. Qc4 e5 18. Ne4 b5 19. Qc2 Be7 20. d6 Bxd6 21. Nxd6+ Qxd6 22. Qxc5 Rd8 23. Qxd6 Rxd6 24. Rc8+ Rd8 25. Rxd8+ Kxd8 26. Rc1 Re8 27. Bb6+ Kd7 28. Rc7+ Ke6 29. Ra7 1-0

[Event "Helsingor Xtracon op"]
[Site "Helsingor"]
[Date "2019.07.27"]
[Round "9"]
[White "Hansen, Tommy"]
[Black "Harders, Poul Erik"]
[Result "1-0"]
[WhiteElo "1799"]
[BlackElo "1676"]
[PlyCount "101"]
[EventDate "2019.07.20"]
[EventType "swiss"]
[EventRounds "10"]
[EventCountry "DEN"]
[SourceTitle "CBM 191 Extra"]
[Source "ChessBase"]
[SourceDate "2019.09.30"]
[SourceVersion "1"]
[SourceVersionDate "2019.09.30"]
[SourceQuality "1"]

1. e4 c5 2. c3 d5 3. exd5 Qxd5 4. d4 Nc6 5. Nf3 Nf6 6. Be2 Bg4 7. h3 Bh5 8. 0-0 e6 9. Na3 a6 10. Nc2 Be7 11. Be3 0-0 12. Nce1 cxd4 13. cxd4 Rac8 14. a3 Na5 15. Nd3 Nc4 16. Nf4 Qd8 17. Nxh5 Nxh5 18. Bxc4 Nf6 19. Bd3 Nd5 20. Ne5 f5 21. Rc1 Rxc1 22. Bxc1 Rf6 23. Bg5 Rf8 24. Bxe7 Qxe7 25. Re1 Qd6 26. Bf1 Nf4 27. Re3 Nd5 28. Rd3 Nf4 29. Rc3 Rd8 30. g3 Nd5 31. Rc1 Qe7 32. Qc2 f4 33. Qd2 fxg3 34. fxg3 Nf6 35. Bg2 Qd6 36. Kh2 Qxe5 37. dxe5 Rxd2 38. exf6 gxf6 39. Rc8+ Kf7 40. Rc7+ Kg6 41. Rxb7 Rd6 42. h4 h6 43. Ra7 Rd2 44. b4 Rd6 45. Bf1 Rd1 46. Bxa6 e5 47. b5 Rd2+ 48. Kh3 f5 49. b6 f4 50. gxf4 exf4 51. b7 1-0

[Event "Oslo CC-chA"]
[Site "Oslo"]
[Date "2018.11.01"]
[Round "5"]
[White "Al Tarbosh, Ward"]
[Black "Hansen, Tommy"]
[Result "1-0"]
[WhiteElo "2305"]
[BlackElo "1771"]
[PlyCount "124"]
[EventDate "2018.09.06"]
[EventType "tourn"]
[EventRounds "7"]
[EventCountry "NOR"]
[SourceTitle "EXT 2024"]
[Source "ChessBase"]
[SourceDate "2023.10.10"]
[SourceVersion "1"]
[SourceVersionDate "2023.10.10"]
[SourceQuality "1"]

1. e4 d6 2. d4 Nf6 3. Nc3 Nbd7 4. Nf3 e5 5. Bc4 Be7 6. Be3 c6 7. a4 Qc7 8. h3 h6 9. g4 Nf8 10. Qd2 Ng6 11. g5 Nxe4 12. Bxf7+ Kxf7 13. Nxe4 d5 14. Ng3 e4 15. Ng1 Bxg5 16. Bxg5 hxg5 17. Qxg5 Qf4 18. Qxf4+ Nxf4 19. N3e2 Nxe2 20. Kxe2 Bg4+ 21. Kd2 Rh4 22. Ra3 Rah8 23. Rh2 R8h6 24. a5 Bc8 25. Rg3 Rg6 26. Ke3 Rxg3+ 27. fxg3 Rh6 28. Rf2+ Rf6 29. g4 Rxf2 30. Kxf2 Kf6 31. Kg3 g5 32. Kf2 Be6 33. Ke3 b6 34. axb6 axb6 35. b4 Ke7 36. Ne2 Bf7 37. Nc3 Kd6 38. Na4 Kc7 39. Nc3 Kd6 40. Na4 Kc7 41. Kf2 Be8 42. Nc3 Kd6 43. Nd1 c5 44. bxc5+ bxc5 45. c3 c4 46. Ne3 Bd7 47. Kg3 Be6 48. h4 gxh4+ 49. Kxh4 Ke7 50. Kg5 Kf7 51. Kh6 Kg8 52. g5 Bf7 53. Ng2 Be6 54. Kg6 Bf7+ 55. Kf6 Be8 56. Ne3 Kh7 57. Nxd5 Bc6 58. g6+ Kh6 59. Ne3 Bd7 60. g7 Kh7 61. Kf7 Be6+ 62. Kxe6 Kxg7 1-0

[Event "Oslo CC-chA"]
[Site "Oslo"]
[Date "2018.10.18"]
[Round "4"]
[White "Hansen, Tommy"]
[Black "Tunsjo, Axel"]
[Result "1-0"]
[WhiteElo "1771"]
[BlackElo "1927"]
[PlyCount "53"]
[EventDate "2018.09.06"]
[EventType "tourn"]
[EventRounds "7"]
[EventCountry "NOR"]
[SourceTitle "EXT 2024"]
[Source "ChessBase"]
[SourceDate "2023.10.10"]
[SourceVersion "1"]
[SourceVersionDate "2023.10.10"]
[SourceQuality "1"]

1. e4 c5 2. c3 Nf6 3. e5 Nd5 4. d4 cxd4 5. Nf3 d6 6. cxd4 e6 7. Bd3 Be7 8. 0-0 0-0 9. exd6 Bxd6 10. Nc3 Nxc3 11. bxc3 h6 12. Qe2 Nd7 13. Re1 Re8 14. Bd2 e5 15. dxe5 Nxe5 16. Nxe5 Bxe5 17. Bf4 f6 18. Qe4 Bd7 19. Qh7+ Kf8 20. Bg6 Re6 21. Qh8+ Ke7 22. Qxg7+ Kd6 23. Rad1+ Kc7 24. Bxe5+ fxe5 25. Rxe5 Rxe5 26. Qxe5+ Kc8 27. Bf5 1-0

[Event "Oslo CC-chA"]
[Site "Oslo"]
[Date "2018.10.04"]
[Round "3"]
[White "Hansen, Tommy"]
[Black "Abdrlauf, Elham"]
[Result "0-1"]
[WhiteElo "1771"]
[BlackElo "2069"]
[PlyCount "110"]
[EventDate "2018.09.06"]
[EventType "tourn"]
[EventRounds "7"]
[EventCountry "NOR"]
[SourceTitle "EXT 2024"]
[Source "ChessBase"]
[SourceDate "2023.10.10"]
[SourceVersion "1"]
[SourceVersionDate "2023.10.10"]
[SourceQuality "1"]

1. e4 c6 2. d4 d5 3. exd5 cxd5 4. c4 Nf6 5. Nc3 Nc6 6. Nf3 Bg4 7. cxd5 Nxd5 8. Qb3 Nxc3 9. bxc3 Qd7 10. Be2 e6 11. 0-0 Bd6 12. Re1 0-0 13. Be3 Na5 14. Qc2 Bf5 15. Qd2 Rac8 16. Ne5 Bxe5 17. dxe5 Qc7 18. Rac1 Rfd8 19. Qb2 b6 20. c4 Nb7 21. Red1 h6 22. Qc3 Nc5 23. f3 Na4 24. Rxd8+ Rxd8 25. Qa1 Bd3 26. Bd1 Nc5 27. Qc3 Rd7 28. Bb3 Bf5 29. Rd1 Nd3 30. Ba4 Rd8 31. g4 Bg6 32. Bc2 Nxe5 33. Rxd8+ Qxd8 34. Bxg6 Nxg6 35. c5 bxc5 36. Qxc5 a6 37. Kf2 Qd3 38. Bc1 Kh7 39. Kg3 Qe2 40. Qf2 Qc4 41. h4 Ne5 42. Bf4 Qxf4+ 43. Kxf4 Nd3+ 44. Ke3 Nxf2 45. Kxf2 h5 46. g5 Kg6 47. Ke3 Kf5 48. a3 e5 49. a4 a5 50. Ke2 Kf4 51. Kf2 e4 52. fxe4 Kxe4 53. Kg3 g6 54. Kg2 Kf4 55. Kh3 Kf3 0-1

[Event "Helsingor Xtracon op"]
[Site "Helsingor"]
[Date "2018.07.25"]
[Round "6"]
[White "Hansen, Tommy"]
[Black "Linderod, Lars Erik"]
[Result "1/2-1/2"]
[WhiteElo "1732"]
[BlackElo "1931"]
[PlyCount "30"]
[EventDate "2018.07.21"]
[EventType "swiss"]
[EventRounds "10"]
[EventCountry "DEN"]
[SourceTitle "CBM 185 Extra"]
[Source "ChessBase"]
[SourceDate "2018.07.29"]
[SourceVersion "1"]
[SourceVersionDate "2018.07.29"]
[SourceQuality "1"]

1. e4 g6 2. d4 Bg7 3. Nc3 d6 4. h4 Nf6 5. Be2 c5 6. dxc5 Qa5 7. Bd2 Qxc5 8. h5 Rg8 9. hxg6 hxg6 10. Be3 Qb4 11. Qd4 Nc6 12. Qxb4 Nxb4 13. 0-0-0 Ng4 14. Bxg4 Bxg4 15. f3 Bd7 1/2-1/2

[Event "Helsingor Xtracon op"]
[Site "Helsingor"]
[Date "2018.07.24"]
[Round "5"]
[White "Nilssen, Ellen Fredericia"]
[Black "Hansen, Tommy"]
[Result "1-0"]
[WhiteElo "2152"]
[BlackElo "1732"]
[PlyCount "63"]
[EventDate "2018.07.21"]
[EventType "swiss"]
[EventRounds "10"]
[EventCountry "DEN"]
[SourceTitle "CBM 185 Extra"]
[Source "ChessBase"]
[SourceDate "2018.07.29"]
[SourceVersion "1"]
[SourceVersionDate "2018.07.29"]
[SourceQuality "1"]

1. Nf3 f5 2. d4 Nf6 3. Bf4 d6 4. c4 g6 5. Nc3 Bg7 6. h3 Nbd7 7. e3 c6 8. Be2 Qa5 9. 0-0 0-0 10. a3 e5 11. b4 Qc7 12. Bh2 Ne8 13. Qb3 Kh8 14. Rac1 exd4 15. exd4 Qd8 16. d5 Ndf6 17. Rcd1 Ne4 18. Nxe4 fxe4 19. Nd2 Qe7 20. Qe3 Nf6 21. Nb1 cxd5 22. cxd5 b6 23. Rfe1 Bb7 24. Nc3 Rfe8 25. Bb5 Rec8 26. Nxe4 Nxd5 27. Qb3 Be5 28. Bc4 Bxh2+ 29. Kxh2 Qe5+ 30. Kg1 Nf4 31. Nxd6 Qg5 32. Qc3+ 1-0

[Event "Helsingor Xtracon op"]
[Site "Helsingor"]
[Date "2018.07.23"]
[Round "4"]
[White "Hansen, Tommy"]
[Black "Eriksson, Bo HT"]
[Result "1-0"]
[WhiteElo "1732"]
[BlackElo "2053"]
[PlyCount "83"]
[EventDate "2018.07.21"]
[EventType "swiss"]
[EventRounds "10"]
[EventCountry "DEN"]
[SourceTitle "CBM 185 Extra"]
[Source "ChessBase"]
[SourceDate "2018.07.29"]
[SourceVersion "1"]
[SourceVersionDate "2018.07.29"]
[SourceQuality "1"]

1. e4 c6 2. d4 d5 3. exd5 cxd5 4. c4 Nf6 5. Nc3 e6 6. Nf3 Be7 7. cxd5 Nxd5 8. Bd3 Nc6 9. 0-0 0-0 10. a3 b6 11. Re1 Bb7 12. Bc2 Rc8 13. Qd3 g6 14. Bh6 Re8 15. Rad1 Bf6 16. Ne4 Bg7 17. Bxg7 Kxg7 18. Bb3 Na5 19. Ba2 h6 20. Ne5 f5 21. Qg3 g5 22. Nc3 Nf4 23. Nf3 Nc4 24. Ne2 Nxg2 25. Kxg2 g4 26. Neg1 Kh7 27. Kh1 gxf3 28. Bb1 Rg8 29. Qf4 Qf6 30. Rxe6 Qxe6 31. Bxf5+ Qxf5 32. Qxf5+ Rg6 33. Nh3 Nd6 34. Qd7+ Kh8 35. Nf4 Rf6 36. Ne6 Rg6 37. Qxd6 Re8 38. Qe5+ Kh7 39. d5 Bc8 40. Qc7+ Kg8 41. Rg1 Rxg1+ 42. Kxg1 1-0

[Event "Helsingor Xtracon op"]
[Site "Helsingor"]
[Date "2018.07.22"]
[Round "2"]
[White "Hansen, Tommy"]
[Black "Tari, Aryan"]
[Result "0-1"]
[WhiteElo "1732"]
[BlackElo "2615"]
[PlyCount "70"]
[EventDate "2018.07.21"]
[EventType "swiss"]
[EventRounds "10"]
[EventCountry "DEN"]
[SourceTitle "CBM 185 Extra"]
[Source "ChessBase"]
[SourceDate "2018.07.29"]
[SourceVersion "1"]
[SourceVersionDate "2018.07.29"]
[SourceQuality "1"]

1. Nf3 c5 2. c4 Nc6 3. e3 Nf6 4. d4 cxd4 5. exd4 d5 6. cxd5 Nxd5 7. Nc3 g6 8. Bc4 Nb6 9. Bb3 Bg7 10. d5 Na5 11. Bc2 0-0 12. 0-0 Nac4 13. Re1 Bd7 14. h4 Bg4 15. Be4 Rc8 16. Qb3 Nd6 17. Bg5 Re8 18. Nh2 Bd7 19. Bd3 Nbc4 20. Rac1 h6 21. Bf4 e5 22. dxe6 Bxe6 23. Qc2 Qxh4 24. Bg3 Qd8 25. Nf3 Qa5 26. Bxd6 Nxd6 27. Nh4 Qg5 28. Nf3 Qf4 29. Re3 b5 30. Qb1 Rc5 31. Rce1 Bd7 32. Ne4 Nxe4 33. Rxe4 Rxe4 34. Rxe4 Rc1+ 35. Bf1 Qxf3 0-1

[Event "Helsingor Xtracon op"]
[Site "Helsingor"]
[Date "2017.07.29"]
[Round "9"]
[White "Hansen, Tommy"]
[Black "Cuyx, Tomas"]
[Result "0-1"]
[WhiteElo "1785"]
[BlackElo "1495"]
[PlyCount "46"]
[EventDate "2017.07.22"]
[EventType "swiss"]
[EventRounds "10"]
[EventCountry "DEN"]
[SourceTitle "CBM 179 Extra"]
[Source "ChessBase"]
[SourceDate "2017.08.23"]
[SourceVersion "1"]
[SourceVersionDate "2017.08.23"]
[SourceQuality "1"]

1. e4 e5 2. Nf3 Nc6 3. d4 exd4 4. Bc4 Bc5 5. c3 Nf6 6. e5 d5 7. Bb5 Ne4 8. cxd4 Bb6 9. 0-0 Bg4 10. Be3 0-0 11. Bxc6 bxc6 12. Qc1 Bxf3 13. gxf3 Qh4 14. Qxc6 Ng5 15. Nd2 Nxf3+ 16. Nxf3 Qg4+ 17. Kh1 Qxf3+ 18. Kg1 Rae8 19. Rfd1 Re6 20. Qc2 Rg6+ 21. Kf1 Rg2 22. b4 Rxh2 23. Ke1 Qxe3+ 0-1

[Event "Helsingor Xtracon op"]
[Site "Helsingor"]
[Date "2017.07.23"]
[Round "3"]
[White "Hansen, Tommy"]
[Black "Nielsen, Jorgen Lovgren"]
[Result "1/2-1/2"]
[WhiteElo "1785"]
[BlackElo "2063"]
[PlyCount "88"]
[EventDate "2017.07.22"]
[EventType "swiss"]
[EventRounds "10"]
[EventCountry "DEN"]
[SourceTitle "CBM 179 Extra"]
[Source "ChessBase"]
[SourceDate "2017.08.23"]
[SourceVersion "1"]
[SourceVersionDate "2017.08.23"]
[SourceQuality "1"]

1. e4 e5 2. Nf3 Nc6 3. d4 exd4 4. Bc4 Nf6 5. e5 d5 6. Bb5 Ne4 7. Nxd4 Bd7 8. Bxc6 bxc6 9. 0-0 Bc5 10. f3 Ng5 11. f4 Ne4 12. Be3 Bb6 13. Nd2 Nxd2 14. Qxd2 c5 15. Nf3 d4 16. Bf2 Bc6 17. a4 a5 18. Qd3 Qd7 19. b3 Qg4 20. Bg3 0-0-0 21. Nd2 f5 22. Rae1 Kb7 23. Re2 Rhe8 24. Nc4 Re6 25. h3 Qh5 26. Be1 Ra8 27. Kh2 Qg6 28. g4 Be4 29. Qg3 Qf7 30. Rxe4 fxe4 31. Qg2 Qd7 32. Qxe4+ Qc6 33. Qxh7 Rh6 34. Qd3 Rah8 35. Rf3 Qd5 36. Bxa5 Rh4 37. Rg3 Ka7 38. Bd2 c6 39. Nxb6 Kxb6 40. a5+ Ka7 41. Qe2 Re8 42. Rg1 Reh8 43. Rg3 Re8 44. Rg1 Reh8 1/2-1/2

[Event "Oslo-ch"]
[Site "Oslo"]
[Date "2017.??.??"]
[Round "4"]
[White "Hansen, Tommy"]
[Black "Berhe, Azeb Asmelash"]
[Result "1-0"]
[WhiteElo "1750"]
[BlackElo "1508"]
[PlyCount "147"]
[EventDate "2017.08.16"]
[EventType "swiss"]
[EventRounds "9"]
[EventCountry "NOR"]
[SourceTitle "EXT 2024"]
[Source "ChessBase"]
[SourceDate "2023.10.10"]
[SourceVersion "1"]
[SourceVersionDate "2023.10.10"]
[SourceQuality "1"]

1. e4 e6 2. d4 d5 3. Nd2 Nf6 4. e5 Nfd7 5. Bd3 c5 6. c3 Qb6 7. Ngf3 Nc6 8. 0-0 cxd4 9. cxd4 Nxd4 10. Nxd4 Qxd4 11. Nf3 Qb6 12. Qa4 Be7 13. Qg4 0-0 14. Bh6 g6 15. Bxf8 f5 16. exf6 Bxf8 17. f7+ Kg7 18. b3 e5 19. Ng5 Nf6 20. Qg3 Bd6 21. Nxh7 e4 22. f8Q+ Bxf8 23. Nxf6 Qxf6 24. Bc2 Bd6 25. Qe3 b6 26. Rad1 Bb7 27. Qd2 Rc8 28. g3 Rd8 29. Qd4 Be5 30. Qa4 a6 31. Rfe1 b5 32. Qa3 Bd6 33. Qa5 Bc5 34. Qc7+ Qe7 35. Qxe7+ Bxe7 36. Bxe4 Bb4 37. Re2 Ba5 38. Bf3 Ba8 39. Re7+ Kh6 40. Ra7 Bc3 41. Rxa6 b4 42. Ra5 Bb7 43. Bxd5 Bc8 44. Bf3 Rf8 45. Kg2 Bf5 46. Rc5 Re8 47. Rc1 Bd2 48. Rxf5 Bxc1 49. Rd5 Ba3 50. h4 Re6 51. g4 Re7 52. g5+ Kg7 53. Rc5 Ra7 54. Be4 Re7 55. f3 Re6 56. Rc7+ Kf8 57. Rd7 Bc1 58. Kg3 Bb2 59. Kg4 Ra6 60. h5 gxh5+ 61. Kxh5 Rxa2 62. g6 Ra1 63. f4 Re1 64. Bd5 Re7 65. Rd8+ Kg7 66. Kg5 Bf6+ 67. Kf5 Re5+ 68. fxe5 Bxd8 69. Bf7 Bb6 70. Ke6 Bc5 71. Kd7 Bf8 72. Ke8 Bc5 73. e6 Bd4 74. e7 1-0

[Event "Oslo-ch"]
[Site "Oslo"]
[Date "2017.??.??"]
[Round "5"]
[White "Hansen, Tommy"]
[Black "Johnsen, John Kristian"]
[Result "1-0"]
[WhiteElo "1750"]
[BlackElo "1807"]
[PlyCount "103"]
[EventDate "2017.08.16"]
[EventType "swiss"]
[EventRounds "9"]
[EventCountry "NOR"]
[SourceTitle "EXT 2024"]
[Source "ChessBase"]
[SourceDate "2023.10.10"]
[SourceVersion "1"]
[SourceVersionDate "2023.10.10"]
[SourceQuality "1"]

1. e4 e6 2. d4 d5 3. Nd2 dxe4 4. Nxe4 Nd7 5. Nf3 Ngf6 6. Bd3 Be7 7. 0-0 0-0 8. Qe2 b6 9. Rd1 Bb7 10. Nxf6+ Nxf6 11. Ne5 Qc8 12. Bg5 Rd8 13. Bxf6 Bxf6 14. Bxh7+ Kf8 15. Be4 c6 16. c3 Qc7 17. f4 Rac8 18. Qf3 Ba8 19. Kh1 Bxe5 20. dxe5 Rxd1+ 21. Rxd1 Rd8 22. h4 Rd7 23. Qh5 Bb7 24. Qh8+ Ke7 25. Rxd7+ Qxd7 26. Qxg7 Qd1+ 27. Kh2 Qe1 28. Qf6+ Ke8 29. Bf3 Qd2 30. Bh5 Qd7 31. Qh8+ Ke7 32. Qg8 Qe8 33. Qxe8+ Kxe8 34. Bf3 Kd7 35. h5 Ba6 36. Be4 Ke7 37. Bxc6 Bd3 38. g4 Kf8 39. Kg3 Bc2 40. h6 Kg8 41. Kf3 Bd1+ 42. Kg3 Bc2 43. g5 Kh7 44. Kf3 Bd1+ 45. Ke3 Bg4 46. Bf3 Bh3 47. Be2 Kh8 48. b4 Bg2 49. Kd4 Bb7 50. a4 Bc6 51. a5 bxa5 52. bxa5 1-0

[Event "Oslo-ch"]
[Site "Oslo"]
[Date "2017.??.??"]
[Round "8"]
[White "Moen, Ole Christian"]
[Black "Hansen, Tommy"]
[Result "1-0"]
[WhiteElo "2174"]
[BlackElo "1750"]
[PlyCount "71"]
[EventDate "2017.08.16"]
[EventType "swiss"]
[EventRounds "9"]
[EventCountry "NOR"]
[SourceTitle "EXT 2024"]
[Source "ChessBase"]
[SourceDate "2023.10.10"]
[SourceVersion "1"]
[SourceVersionDate "2023.10.10"]
[SourceQuality "1"]

1. e4 d5 2. exd5 Nf6 3. d4 Bg4 4. f3 Bf5 5. Bb5+ Nbd7 6. c4 e6 7. dxe6 Bxe6 8. Nc3 c6 9. d5 cxd5 10. cxd5 Bf5 11. Qe2+ Qe7 12. Bg5 0-0-0 13. Qxe7 Bxe7 14. Rc1 Bb4 15. a3 Bxc3+ 16. Rxc3+ Kb8 17. g4 Bb1 18. d6 h6 19. Bh4 g5 20. Bg3 Nd5 21. Rc7 Rde8+ 22. Kf2 Ne5 23. Ne2 Nd3+ 24. Bxd3 Bxd3 25. Nc1 Bg6 26. Rc4 Rd8 27. Rd1 Nf4 28. d7 b5 29. Rc5 a6 30. Ne2 Kb7 31. Nxf4 gxf4 32. Bxf4 f6 33. Rc7+ Ka8 34. Rd6 Be8 35. Rxa6+ Kb8 36. Rca7# 1-0

[Event "Helsingor Xtracon op"]
[Site "Helsingor"]
[Date "2016.07.31"]
[Round "10"]
[White "Hansen, Tommy"]
[Black "Christiansen, Torsten Sundgaar"]
[Result "1/2-1/2"]
[WhiteElo "1835"]
[BlackElo "1708"]
[PlyCount "78"]
[EventDate "2016.07.23"]
[EventType "swiss"]
[EventRounds "10"]
[EventCountry "DEN"]
[SourceTitle "CBM 173 Extra"]
[Source "ChessBase"]
[SourceDate "2016.08.29"]
[SourceVersion "1"]
[SourceVersionDate "2016.08.29"]
[SourceQuality "1"]

1. e4 g6 2. d4 Nf6 3. Nc3 d5 4. Bd3 Nc6 5. e5 Nh5 6. Be3 a6 7. Qf3 Be6 8. Nh3 Qd7 9. Ng5 Ng7 10. Nxe6 fxe6 11. g4 Nb4 12. Bd2 Nxd3+ 13. Qxd3 Qc6 14. a4 Qc4 15. Qxc4 dxc4 16. Ne4 0-0-0 17. Be3 h5 18. f3 hxg4 19. fxg4 Rh4 20. h3 Nf5 21. Bf2 Nxd4 22. Bxh4 Nxc2+ 23. Ke2 Nxa1 24. Rxa1 Rd4 25. Bg3 Bg7 26. Nc3 Rd3 27. Kf2 Rd2+ 28. Ke3 Rxb2 29. Kd4 b5 30. axb5 axb5 31. Bf4 Rb3 32. Ra8+ Kd7 33. Nxb5 Rxb5 34. Kxc4 Rd5 35. Rg8 Bxe5 36. Bxe5 Rxe5 37. Rxg6 Ke8 38. h4 Kf7 39. h5 Ra5 1/2-1/2

[Event "Helsingor Xtracon op"]
[Site "Helsingor"]
[Date "2016.07.24"]
[Round "3"]
[White "Palozza, Christian"]
[Black "Hansen, Tommy"]
[Result "1/2-1/2"]
[WhiteElo "2090"]
[BlackElo "1835"]
[PlyCount "61"]
[EventDate "2016.07.23"]
[EventType "swiss"]
[EventRounds "10"]
[EventCountry "DEN"]
[SourceTitle "CBM 173 Extra"]
[Source "ChessBase"]
[SourceDate "2016.08.29"]
[SourceVersion "1"]
[SourceVersionDate "2016.08.29"]
[SourceQuality "1"]

1. d4 Nf6 2. c4 c5 3. d5 b5 4. cxb5 a6 5. b6 e6 6. Nc3 Nxd5 7. Nxd5 exd5 8. Qxd5 Nc6 9. Nf3 Rb8 10. Ne5 Qf6 11. Nxc6 dxc6 12. Qe4+ Be7 13. Qf4 Qxf4 14. Bxf4 Rxb6 15. Be5 0-0 16. e3 Be6 17. Be2 c4 18. 0-0 f6 19. Bc3 Bb4 20. Rfc1 Bxc3 21. bxc3 Rb2 22. Kf1 Rd8 23. Rd1 Rdd2 24. Rxd2 Rxd2 25. Bd1 Bf5 26. Ke1 Rb2 27. a4 a5 28. Bf3 Bd3 29. Bxc6 Re2+ 30. Kd1 Rxf2 31. Ra3 1/2-1/2

[Event "Reykjavik op"]
[Site "Reykjavik"]
[Date "2015.03.17"]
[Round "9"]
[White "Hansen, Tommy"]
[Black "Stam, Bart"]
[Result "1/2-1/2"]
[WhiteElo "1807"]
[BlackElo "1972"]
[PlyCount "89"]
[EventDate "2015.03.10"]
[EventType "swiss"]
[EventRounds "10"]
[EventCountry "ISL"]
[SourceTitle "CBM 165 Extra"]
[Source "ChessBase"]
[SourceDate "2015.04.21"]
[SourceVersion "1"]
[SourceVersionDate "2015.04.21"]
[SourceQuality "1"]

1. e4 c5 2. Nc3 Nc6 3. Bb5 Nd4 4. Bc4 g6 5. d3 Bg7 6. Nge2 e6 7. Nxd4 cxd4 8. Ne2 b5 9. Bb3 Ne7 10. f4 f5 11. 0-0 Bb7 12. e5 Qb6 13. Qe1 Nc6 14. Bd2 a5 15. a3 0-0 16. Qf2 Ra6 17. c3 a4 18. Ba2 dxc3 19. Qxb6 Rxb6 20. Nxc3 Ba6 21. Be3 Rb7 22. Rfd1 Na5 23. Bc5 Rc8 24. Bb4 Nc6 25. Bd6 Nd4 26. Rac1 Bf8 27. Bxf8 Kxf8 28. Kf2 Rbc7 29. Ke3 Nc6 30. d4 Na5 31. Rd2 Nc4+ 32. Bxc4 Rxc4 33. Rcd1 d5 34. exd6 Rd8 35. d7 Rxd7 36. g3 Re7 37. Kf2 b4 38. Nxa4 bxa3 39. Nc5 axb2 40. Rxb2 Bc8 41. Rb8 Re8 42. Ke3 Rc3+ 43. Rd3 Rxd3+ 44. Kxd3 Ke7 45. Kc4 1/2-1/2

[Event "Reykjavik op"]
[Site "Reykjavik"]
[Date "2015.03.12"]
[Round "4"]
[White "Thiry, Jean Christophe"]
[Black "Hansen, Tommy"]
[Result "1-0"]
[WhiteElo "2031"]
[BlackElo "1807"]
[PlyCount "111"]
[EventDate "2015.03.10"]
[EventType "swiss"]
[EventRounds "10"]
[EventCountry "ISL"]
[SourceTitle "CBM 165 Extra"]
[Source "ChessBase"]
[SourceDate "2015.04.21"]
[SourceVersion "1"]
[SourceVersionDate "2015.04.21"]
[SourceQuality "1"]

1. d4 d5 2. Bf4 c5 3. e3 Nc6 4. c3 Nf6 5. Nd2 Bf5 6. Qb3 Qb6 7. dxc5 Qxc5 8. Qxb7 Rc8 9. Ngf3 Na5 10. Qb5+ Qxb5 11. Bxb5+ Bd7 12. Bxd7+ Nxd7 13. 0-0 e6 14. e4 Nf6 15. e5 Nd7 16. Be3 Nc6 17. c4 Ndxe5 18. Nxe5 Nxe5 19. cxd5 exd5 20. Bxa7 Kd7 21. Rfc1 Bb4 22. Nb3 Nd3 23. Rxc8 Rxc8 24. Bd4 f6 25. Rd1 Re8 26. a3 Bd6 27. g3 Ne5 28. Kg2 Nc4 29. Nd2 Kc6 30. Nxc4 dxc4 31. Kf3 Bc5 32. Bc3 Bd6 33. Rd4 Kc5 34. Rg4 Be5 35. Rxg7 Bxc3 36. bxc3 Ra8 37. Re7 Rxa3 38. Re3 Ra2 39. g4 Rd2 40. h4 Kd5 41. h5 h6 42. Kg3 Rd3 43. Kf4 Rd2 44. f3 Rd1 45. Re8 Rc1 46. Re3 Rd1 47. Kf5 Rd3 48. Kf4 Rd1 49. Re7 Rc1 50. Rh7 Rxc3 51. Rxh6 Rd3 52. Rxf6 c3 53. Rf8 Kc4 54. Rc8+ Kb3 55. h6 Rd1 56. h7 1-0

[Event "Reykjavik op"]
[Site "Reykjavik"]
[Date "2015.03.10"]
[Round "1"]
[White "Hansen, Tommy"]
[Black "Khademalsharieh, Sarasadat"]
[Result "0-1"]
[WhiteElo "1807"]
[BlackElo "2357"]
[PlyCount "76"]
[EventDate "2015.03.10"]
[EventType "swiss"]
[EventRounds "10"]
[EventCountry "ISL"]
[SourceTitle "CBM 165 Extra"]
[Source "ChessBase"]
[SourceDate "2015.04.21"]
[SourceVersion "1"]
[SourceVersionDate "2015.04.21"]
[SourceQuality "1"]

1. e4 e5 2. Nf3 Nc6 3. d4 exd4 4. Bc4 Bc5 5. c3 Nf6 6. e5 d5 7. Bb5 Ne4 8. cxd4 Bb6 9. 0-0 0-0 10. Be3 Bg4 11. Bxc6 bxc6 12. Qc1 Qd7 13. Nbd2 Rae8 14. Qc2 Bf5 15. Qc1 Nxd2 16. Bxd2 Re6 17. Bb4 Rfe8 18. Qf4 Bd3 19. Rfc1 Rg6 20. e6 Qxe6 21. Re1 Be4 22. Ng5 Qd7 23. Nxe4 dxe4 24. Rxe4 Rxe4 25. Qxe4 Rg4 26. Qc2 Rxd4 27. Bc3 Rd5 28. Re1 h5 29. h3 Ba5 30. Bxa5 Rxa5 31. a3 Rd5 32. b4 a5 33. Rc1 axb4 34. axb4 Qd6 35. g3 h4 36. Qxc6 Qe5 37. Qxc7 Rd1+ 38. Kg2 Qe4+ 0-1

[Event "Politiken Cup 36th"]
[Site "Helsingor"]
[Date "2014.07.28"]
[Round "9"]
[White "Andersen, Daniel"]
[Black "Hansen, Tommy"]
[Result "1-0"]
[WhiteElo "1967"]
[BlackElo "1797"]
[PlyCount "67"]
[EventDate "2014.07.21"]
[EventType "swiss"]
[EventRounds "10"]
[EventCountry "DEN"]
[SourceTitle "CBM 161 Extra"]
[Source "ChessBase"]
[SourceDate "2014.08.29"]
[SourceVersion "1"]
[SourceVersionDate "2014.08.29"]
[SourceQuality "1"]

1. c4 Nf6 2. Nc3 c5 3. Nf3 e6 4. e3 d5 5. d4 Nc6 6. a3 Be7 7. dxc5 Bxc5 8. b4 Be7 9. cxd5 exd5 10. Be2 0-0 11. 0-0 Be6 12. Bb2 Rc8 13. Rc1 Ng4 14. h3 Nf6 15. Qd3 Qd7 16. Nd4 Ne5 17. Qb5 a6 18. Qb6 Nc4 19. Bxc4 Bd8 20. Qa7 Rxc4 21. b5 Bc7 22. bxa6 bxa6 23. Qxa6 Bxh3 24. Nxd5 Qxd5 25. gxh3 Rxd4 26. Bxd4 Qg5+ 27. Kh1 Bb8 28. Qc6 Qh4 29. Qg2 Nh5 30. Rc5 f5 31. Qf3 f4 32. Qxh5 Qe7 33. Rg1 g6 34. Rxg6+ 1-0